000 00409nam a22001697a 4500
005 20160527120056.0
008 160527b xxu||||| |||| 00| 0 eng d
020 _a81-7808-031-1
041 _aeng
082 _b5506
100 _aChristopher
_91379
245 _aLogistics and Supply Chain Mgt.
260 _aNew Delhi
_bAcademic Faundation
300 _a287
650 _aManagement
_9241
942 _cBK
999 _c1955
_d1954